| 000 | 00420nam a2200181Ia 4500 | ||
|---|---|---|---|
| 008 | 230524s9999 xx 000 0 und d | ||
| 020 | _a9788127240288 | ||
| 082 |
_a530 _bSAR |
||
| 100 |
_aAmit Sarin _942741 |
||
| 245 | 0 | _aPhysics-I | |
| 250 | _a1 | ||
| 260 |
_aNew Delhi _bKalyani _c2010 |
||
| 300 | _a9.30p; | ||
| 500 | _aQuantity Number: 1 | ||
| 650 | _aPhysics | ||
| 700 |
_aSameer Kalia _945111 |
||
| 942 | _cBK | ||
| 999 |
_c60726 _d60726 |
||